000 00601cam a22002053a 4500
001 44331
003 PGUSA
005 20140828084019.0
008 131201s2013||||xxu|||||s|||||000 | eng d
040 _aPGUSA
_beng
042 _adc
100 1 _aDuckworth, W. L. H.
_q(Wynfrid Laurence Henry),
_d1870-1956
245 1 0 _aPrehistoric Man
_h[electronic resource] /
_cW. L. H. Duckworth
260 _bProject Gutenberg,
_c2013
506 _aPublic domain in the USA.
516 _aElectronic text
830 0 _aProject Gutenberg
_v44331
856 4 0 _uhttp://www.gutenberg.org/ebooks/44331
942 _cEB
999 _c273582
_d273582